| 000 | 00526nam a22001931c 4500 | ||
|---|---|---|---|
| 001 | a987674057 | ||
| 008 | 150708s1994 gw |||| 000u rus d | ||
| 245 | 0 | 0 |
_aKonstitucija rossijskoj imperii / _cSlonimskij, L. Izdanie neoficial'noe |
| 250 | _a[Kopie] | ||
| 264 |
_aAnn Arbor, Michigan : _bU.M.I. Books On Demand, _c1994 |
||
| 300 | _a240 S. | ||
| 648 | 0 | _a1905-1906 | |
| 651 | 0 | _aRussland | |
| 655 | 0 | _aQuelle | |
| 700 | 1 |
_aSlonimskij, L. _eHerausgeberIn |
|
| 942 | _cMG | ||
| 040 | _cRU-10907106 | ||
| 003 | RU-10907106 | ||
| 999 |
_c39930 _d39930 |
||